| 000 | 00903pam a2200265 a 4500 | ||
|---|---|---|---|
| 001 | 013012728 | ||
| 003 | Uk | ||
| 005 | 20130317114418.0 | ||
| 008 | 040628s2005 nyu b 001 0 eng | ||
| 010 | _a2004054894 | ||
| 020 | _a1403943257 : | ||
| 020 | _a9781403943255 | ||
| 082 | 0 | 0 |
_a332.1091767 _222 _bIQB |
| 100 | 1 |
_aIqbal, Munawar. _932839 |
|
| 245 | 1 | 0 |
_aThirty Years of Islamic Banking : _bHistory, Performance, and Prospects / _cMunawar Iqbal and Philip Molyneux. |
| 260 |
_aBasingstoke : _bPalgrave Macmillan, _c2005. |
||
| 300 |
_axviii, 190 p. ; _c23 cm. |
||
| 504 | _aIncludes bibliographical references and index. | ||
| 650 | 0 |
_aBanks and banking _zIslamic countries. _928054 |
|
| 650 | 0 |
_aBanks and banking _xReligious aspects _xIslam. _932829 |
|
| 653 |
_bEco _cMarch2013 |
||
| 690 | 7 |
_aManagement and Business Studies _2blcoll |
|
| 700 | 1 |
_aMolyneux, Philip. _932840 |
|
| 942 |
_2ddc _cBB |
||
| 999 |
_c17359 _d17331 |
||